000 00556nam a2200217Ia 4500
005 20241129120230.0
008 241129s9999||||xx |||||||||||||| ||und||
020 _a9788119028023
037 _aTB
040 _aSDCL
_beng
_cSDCL
041 _ahin
_2hin
084 _aY15xM58, R3
_qSDCL
100 _aSujata
245 0 _aVikal virrohini Pandita Ramabai
260 _aNew Delhi
_bRajkamal Prakashan
_c2023
300 _a239p.
365 _aINR
_b795
650 _aReference
942 _cTB
_hY15xM58, R3
999 _c1233920
_d1233920